|
|
|
|
| LEADER |
00000nam a2200000 a 4500 |
| 001 |
vtls001481524 |
| 003 |
SK-MaSNL |
| 005 |
20260301074016.0 |
| 008 |
240318s2004 xo a 0 000 slo |
| 015 |
|
|
|a SNBA2005/06-02225
|
| 020 |
|
|
|a 8080731055
|q (brož.)
|
| 035 |
|
|
|a SNK000436821
|
| 040 |
|
|
|a SNK
|b slo
|c SNK
|e AACR2
|
| 072 |
|
7 |
|a 004.4/.6
|x Programové vybavenie. Programové prostriedky
|2 konspekt
|
| 080 |
|
|
|a 004.42Excel
|x (035)
|2 snkbum
|
| 080 |
|
|
|a (035)
|2 1981
|
| 080 |
|
|
|a (041)
|2 1981
|
| 080 |
|
|
|a 004.42
|2 1981
|
| 100 |
1 |
|
|a Perduková, Daniela
|4 aut
|9 12670
|
| 245 |
1 |
0 |
|a Microsoft Excel 2000
|b pokročilé techniky práce
|c Daniela Perduková
|
| 250 |
|
|
|a 1. vyd.
|
| 260 |
|
|
|a Košice
|b Technická univerzita
|c 2004
|
| 300 |
|
|
|a 40 s.
|b sch.
|c 21 cm
|
| 500 |
|
|
|a Názov z obalu
|
| 650 |
0 |
7 |
|a Microsolf Excel 2000 (softvér)
|2 SNK
|9 395955
|
| 650 |
0 |
7 |
|a počítačová gramotnosť
|2 snkbum
|9 71744
|
| 655 |
|
7 |
|a príručky
|2 SNKPH
|9 74364
|
| 655 |
|
7 |
|a brožúry
|2 SNKPH
|9 70146
|
| 919 |
|
|
|a 80-8073-105-5
|
| 968 |
|
|
|d 0
|
| 999 |
|
|
|c 645950
|d 647880
|
| 952 |
|
|
|t P60, <03>, [BOOK], {603}, -B-
|a SNK
|b SNK
|y PREZ
|7 0
|p 17A0442927
|o snkSD 74158
|i snkKSP 11950/2004
|0 0
|1 0
|4 0
|d 2004-09-09
|l 0
|r 2025-11-21 00:00:00
|w 2026-02-23
|
| 952 |
|
|
|t P60, <04>, [BOOK], {604}
|a SNK
|b SNK
|y VYP
|7 0
|p 17A0444647
|o snkSD 74158 D1
|i snkKSP 12768/2004
|0 0
|1 0
|4 0
|d 2004-09-09
|l 0
|r 2005-01-02 00:00:00
|w 2026-02-23
|